000 00330nam a22001457a 4500
008 221014b ||||| |||| 00| 0 eng d
020 _a2901884585899
041 _aeng
080 _2FOURTH EDITION
_a61
082 _a61
100 _a5
101 _aMJEK
245 _aPROPOSING EMPIRICAL RESEARCH
_cPATTEN M
942 _2udc
_cBK
999 _c58581
_d58581